| 000 | 01389nab a22002657a 4500 | ||
|---|---|---|---|
| 999 |
_c5514 _d5514 |
||
| 003 | OSt | ||
| 005 | 20251210153028.0 | ||
| 008 | 190604e xxu||||| |||| 00| 0 spa d | ||
| 040 | _cPJ | ||
| 100 |
_96500 _aBriña, Mariano |
||
| 245 | 1 | 3 |
_aLas hipotecas divisibles. Una realidad expectante. La res. conjunta 2/2025, del Ministerio de Economía y el Ministerio de Justicia, que reglamentó el régimen de hipotecas divisibles y la registración de boletos de compraventa / _cMariano Briña. |
| 260 |
_aCiudad Autónoma de Buenos Aires : _bThomson Reuters La Ley, _c2025. |
||
| 300 | _ap. 5-15 | ||
| 500 | _aCita Online: TR LALEY AR/DOC/2387/2025. | ||
| 505 | _aSumario: I. Introducción.— II. Sobre el DNU 1017/2024 dictado por el PEN.— III. La res. conjunta 2/2025 del Ministerio de Economía y el Ministerio de Justicia de la Nación.— IV. Consideraciones finales. | ||
| 505 | _t¿Te interesa el texto completo? Solicitalo al correo: koha@justierradelfuego.gov.ar | ||
| 650 | 0 |
_91497 _aCODIGO CIVIL Y COMERCIAL |
|
| 650 | 0 |
_91821 _aDERECHOS REALES |
|
| 650 | 0 |
_92309 _aPROPIEDAD HORIZONTAL |
|
| 650 | 0 |
_91819 _aHIPOTECA |
|
| 650 | 0 |
_92274 _aBIENES INMUEBLES |
|
| 650 | 0 |
_96053 _aESCRITURA PUBLICA |
|
| 773 | 0 |
_02714 _93171 _dCiudad Autónoma de Buenos Aires : Thomson Reuters La Ley, 2014- _tRevista anales de legislación argentina. Nº 10- Octubre 2025. |
|
| 942 |
_2udc _cANA |
||